| 000 | 01437nam a22004098i 4500 | ||
|---|---|---|---|
| 001 | 018634382 | ||
| 003 | EG-ScBUE | ||
| 005 | 20220220121312.0 | ||
| 008 | 171002s2018 enkab f b 001 0 eng d | ||
| 020 | _a9780241317563 (pbk.) | ||
| 040 |
_aStDuBDS _beng _erda _cStDuBDS _dEG-ScBUE |
||
| 041 | 0 |
_aeng _achi |
|
| 082 | 0 | 4 |
_a495.1321 _222 _bMAN |
| 245 | 0 | 0 | _aMandarin Chinese English visual bilingual dictionary. |
| 250 | _aUpdated edition. | ||
| 264 | 1 |
_aLondon : _bDorling Kindersley Limited, _c2018. |
|
| 300 |
_a360 pages : _billustrations (colour), maps (colour) ; _c17 cm. |
||
| 336 |
_atext _2rdacontent _btxt |
||
| 336 |
_astill image _2rdacontent _btxt |
||
| 336 |
_acartographic image _2rdacontent _btxt |
||
| 337 |
_aunmediated _2rdamedia _bn |
||
| 338 |
_avolume _2rdacarrier _bnc |
||
| 490 | 0 | _aDK bilingual dictionaries | |
| 500 | _aPrevious edition: 2015. | ||
| 500 | _aIncludes app access. | ||
| 504 | _aIncludes bibliographical references and index. | ||
| 546 | _aText in English and Chinese. | ||
| 650 | 7 |
_aChinese language _vDictionaries _xEnglish. _2BUEsh _939112 |
|
| 650 | 7 |
_aEnglish language _vDictionaries _xChinese. _2BUEsh |
|
| 650 | 7 |
_aPicture dictionaries, Chinese. _2BUEsh _935566 |
|
| 650 | 7 |
_aPicture dictionaries, English. _2BUEsh _935566 |
|
| 650 | 7 |
_aMandarin dialects. _2BUEsh |
|
| 653 |
_bGGEN _cFebruary2022 |
||
| 655 |
_vReading book _934232 |
||
| 942 |
_2ddc _cBB |
||
| 999 |
_c29781 _d29752 |
||